banner koha

Germinacao de sementes de Coffea arabica L.: efeito do Acido giberelico e da luz continua sobre a estrutura, composicao e metabolismo da semente [cafe] (Registro n. 28370)

MARC details
000 -LÍDER
campo de controle de tamanho fixo 01002nam a22002897a 4500
001 - NÚMERO DE CONTROLE
campo de controle BR7907700
003 - IDENTIFICADOR DO NÚMERO DE CONTROLE
campo de controle BR-BrBNA
005 - DATA E HORÁRIO DA ÚLTIMA TRANSAÇÃO
campo de controle 20230928090313.0
007 - CAMPO FIXO DE DESCRIÇÃO FÍSICA--INFORMAÇÃO GERAL
campo de controle de tamanho fixo ta
008 - CAMPO DE DADOS FIXOS--INFORMAÇÃO GERAL
campo de controle de tamanho fixo 230509b bl.||||| |||| 00| 0 por d
040 ## - FONTE DA CATALOGAÇÃO
Instituição da catalogação original BR-BrBNA
Idioma da catalogação por
Instituição que transcreveu o registro Biblioteca Nacional de Agricultura
041 ## - CÓDIGO DE IDIOMA
Código do idioma do texto/trilha sonora ou título diferente (Por)
072 ## - CÓDIGO DE CATEGORIA DE ASSUNTO
Código de Categoria de Assunto F60; F00
Código do objeto 2120
-- 3575
-- 3650
090 ## - NÚMERO DE CHAMADA LOCAL
-- 2120 BR7907700
100 1# - ENTRADA PRINCIPAL--NOME PESSOAL
Nome pessoal Takaki, M.
110 1# - ENTRADA PRINCIPAL--NOME CORPORATIVO
Nome corporativo ou nome da jurisdição Escola Paulista de Medicina, Sao Paulo, SP (Brasil)
Grau Universitário Tese (Mestrado)
9 (RLIN) 4339
245 1# - TÍTULO
Título Germinacao de sementes de Coffea arabica L.: efeito do Acido giberelico e da luz continua sobre a estrutura, composicao e metabolismo da semente [cafe]
260 3# - PUBLICAÇÃO, DISTRIBUIÇÃO, ETC.
Local de publicação, distribuição, etc. Sao Paulo, SP (Brasil):
Data da publicação, distribuição, etc. 1979.
300 ## - DESCRIÇÃO FÍSICA
Extensão 137 p.
500 ## - NOTA GERAL
Nota geral Bibliography p. 108-137. (*) Documento disponível na(o) Instituto Brasileiro do Cafe, Rio de Janeiro, RJ
650 ## - ASSUNTO--TERMO TÓPICO
Cabeçalho tópico ou nome geográfico CAFE
650 ## - ASSUNTO--TERMO TÓPICO
Cabeçalho tópico ou nome geográfico SEMENTE
650 ## - ASSUNTO--TERMO TÓPICO
Cabeçalho tópico ou nome geográfico GERMINACAO
650 ## - ASSUNTO--TERMO TÓPICO
Cabeçalho tópico ou nome geográfico ACIDO GIBERELICO
909 ## -
-- 202309
-- Lucia
-- 55
-- Lucia Elande
942 ## - ELEMENTOS DE ENTRADA ADICIONADOS (KOHA)
Tipo de material Koha Livros
Exemplares
Situação do descarte Fonte da classificação ou esquema de arquivamento na estante Situação física Não pode ser emprestado Biblioteca de origem Biblioteca atual Total de empréstimos Data de último acesso Número do exemplar Tipo de material Koha Nota pública Situação das perdas Data de aquisição Fonte de aquisição Qualificador de local codificado Custo, preço normal de compra Número do inventário Custo, preço de reposição Preço efetivo de
  Classificação AGRIS   INDISPONÍVEL Centro Cooperante Centro Cooperante   25/09/2023 01 Livros Bibliography p. 108-137. (*) Documento disponível na(o) Instituto Brasileiro do Cafe, Rio de Janeiro, RJ Em falta              

BINAGRI

Telefone: (61)3218-2567/2388/3357/2097 - binagri@agro.gov.br

Ministério da Agricultura e Pecuária , Esplanada dos Ministérios, Bloco D, Anexo B, Brasília/DF, CEP: 70.043-900